000 00952nam a2200313 c 4500
001 58845
003 CO-BoRNBP
005 20250828191759.0
007 ta
008 180109s2017 sp a gr 000 0 spa d
020 _a9788468329550
040 _aCO-BoRNBP
_bspa
_erda
_cCO-BoRNBP
041 0 _aspa
043 _as-ck---
082 0 4 _a590
_bA43c
_222
100 _aAlgarra, Alejandro
_eaut
_964156
245 1 4 _aLos colores de los animales /
_cAlejandro Algarra ; ilustraciones Rocio Bonilla.
250 _aPrimera edición
264 1 _aBarcelona, España :
_bEdebé,
_c2017
300 _a35 páginas :
_bilustraciones a color
336 _atexto
_btxt
_2rdacontent
337 _asin mediación
_bn
_2rdamedia
338 _avolumen
_bnc
_2rdacarrier
490 0 _aCiencia y curiosidad
500 _aIncluye guía para padres
650 0 7 _aAnimales
_xFisiología
_2LEMB
_964157
700 _aBonilla, Rocio,
_d1970-
_eill
_964158
942 _2ddc
_cBK
999 _c58845
_d58845